Normal view
MARC view
- Biographical fiction.
Entry Genre/Form Term
001 - CONTROL NUMBER
- control field: 416
003 - CONTROL NUMBER IDENTIFIER
- control field: NUST
005 - DATE AND TIME OF LATEST TRANSACTION
- control field: 20170511114003.0
008 - FIXED-LENGTH DATA ELEMENTS
- fixed length control field: 170511|| aca||aabn | a|a d
040 ## - CATALOGING SOURCE
- Original cataloging agency: NUST
- Transcribing agency: NUST
155 ## - HEADING--GENRE/FORM TERM
- Genre/form term: Biographical fiction.
670 ## - SOURCE DATA FOUND
- Source citation: Work cat.: (NUST)4085: Sundaresan, Indu. 410, The feast of roses :, 2003.
